01018cam a2200325 i 45000010008000000030004000080050017000120080041000290100017000700200015000870200018001020350012001200400018001320500016001500820008001661000028001742450123002022500017003252600048003423000021003903360026004113370028004373380027004654900027004926300029005196300030005486300034005786300031006128000049006431289041OSt20260409151133.0770831s1977 ilu 000 0 eng  a 76011474  a0891910549 a9780891910541 a1289041 aDLCcDLCdDLC00aBS2626b.R500a2271 aRichards, Larry,d1931-14aThe great adventure :bthe first days of the church : studies in Acts, James, Galatians, and Romans /cLarry Richards. aLeader's ed. aElgin, Ill. :bD. C. Cook Pub. Co.,cc1977. a252 p. ;c22 cm. atextbtxt2rdacontent aunmediatedbn2rdamedia avolumebnc2rdacarrier1 aHis Bible alive series00aBible.pActsvTextbooks.00aBible.pJamesvTextbooks.00aBible.pGalatiansvTextbooks.00aBible.pRomansvTextbooks.1 aRichards, Larry,d1931-tBible alive series.